00578nam a22001812a 450000100060000000300080000600500170001400800410003103500190007204000230009104100110011408200200012510000460014524500570019126000820024830000360033070000300036621584BD-RJUL20211209000714.0140304s1969 in 000 0beng d a(BD-RJUL)21648 aOUNcOUNdEQObeng0 aengpah a891.5bGHP 19691 aGhalib, Mirza Asadullah Khan,d1797-1869.10aPersian letters of Ghalib /c[ed. by] S.A.I. Tirmizi aNew Delhi ;aBombay :bGhalib Academy ;aNew York :bAsia Pub. House,c[1969] a1 v. (various pagings) ;c22 cm1 aTirmizi, S. A. I.,d1924-